UBT Library

The elements of artificial intelligence : (Record no. 44621)

000 -LEADER
fixed length control field 00599pam a2200217 a 4500
001 - CONTROL NUMBER
control field 1462693
005 - DATE AND TIME OF LATEST TRANSACTION
control field 20180309084619.0
008 - FIXED-LENGTH DATA ELEMENTS--GENERAL INFORMATION
fixed length control field 861114s1987 mdua b 001 0 eng
010 ## - LIBRARY OF CONGRESS CONTROL NUMBER
LC control number 86031044
020 ## - INTERNATIONAL STANDARD BOOK NUMBER
International Standard Book Number 0881751138
040 ## - CATALOGING SOURCE
Original cataloging agency DLC
Transcribing agency DLC
Modifying agency DLC
041 ## - LANGUAGE CODE
Language code of text/sound track or separate title eng
080 ## - UNIVERSAL DECIMAL CLASSIFICATION NUMBER
Universal Decimal Classification number 006.3
082 00 - DEWEY DECIMAL CLASSIFICATION NUMBER
Classification number 006.3 TAN
Edition number 19
100 1# - Rafti
Rafti 30
101 ## - Shkurtesa
Shkurtesa SHKI
245 14 - TITLE STATEMENT
Title The elements of artificial intelligence :
Statement of responsibility, etc Steven L. Tanimoto.
504 ## - BIBLIOGRAPHY, ETC. NOTE
Bibliography, etc Includes bibliographies and indexes.
906 ## - LOCAL DATA ELEMENT F, LDF (RLIN)
a 7
b cbc
c orignew
d 1
e ocip
f 19
g y-gencatlg
942 ## - ADDED ENTRY ELEMENTS (KOHA)
Source of classification or shelving scheme
Item type Books
Holdings
Withdrawn status Lost status Source of classification or shelving scheme Damaged status Not for loan Collection code Permanent location Current location Shelving location Date acquired Total Checkouts Full call number Barcode Date last seen Price effective from Koha item type
          Koleksioni i përgjithshem UBT - Lipjan UBT - Lipjan Koleksioni i përgjithshem 03/09/2018   006.3 TAN 002-3001515 03/09/2018 03/09/2018 Books
UBT Library © 2015-2024. All rights reserved University Education for Business and Technology